Význam výskumu a vývoja pre inovačný rast ekonomiky a zvyšovanie jej konkurencieschopnosti
Výskum, vývoj a inovačná výkonnosť ekonomiky ako základ pre rast konkurencieschopnosti. Finančné a ľudské zdroje pre výskum a vývoj. Inovačné vstupy a prostredie. Sektor informačných a komunikačných technológií. Národný inovačný systém a štátna vedná politika v SR.
Salvato in:
| Autore principale: | |
|---|---|
| Natura: | Capitolo di libro |
| Lingua: | slovacco |
| Soggetti: | |
| Tags: |
Nessun Tag, puoi essere il primo ad aggiungerne!!
|
MARC
| LEADER | 00000naa a2200000 4500 | ||
|---|---|---|---|
| 001 | 0149551 | ||
| 005 | 20231207072423.7 | ||
| 041 | 0 | |a slo | |
| 044 | |a SK | ||
| 245 | 1 | 0 | |a Význam výskumu a vývoja pre inovačný rast ekonomiky a zvyšovanie jej konkurencieschopnosti |c Eva Ivanová |
| 520 | |a Výskum, vývoj a inovačná výkonnosť ekonomiky ako základ pre rast konkurencieschopnosti. Finančné a ľudské zdroje pre výskum a vývoj. Inovačné vstupy a prostredie. Sektor informačných a komunikačných technológií. Národný inovačný systém a štátna vedná politika v SR. | ||
| 610 | 2 | 0 | |a konkurencieschopnosť |
| 610 | 2 | 0 | |a rozvoj hospodársky |
| 610 | 2 | 0 | |a veda |
| 610 | 2 | 0 | |a výskum |
| 610 | 2 | 0 | |a výkonnosť |
| 610 | 2 | 0 | |a stratégia inovačná |
| 100 | 1 | |a Ivanová, Eva | |